Normal view
MARC view
Entry Topical Term
001 - CONTROL NUMBER
- control field: 8238
003 - CONTROL NUMBER IDENTIFIER
- control field: BD-RjUL
005 - DATE AND TIME OF LATEST TRANSACTION
- control field: 20230806160452.0
008 - FIXED-LENGTH DATA ELEMENTS
- fixed length control field: 230806|| aca||aabn | a|a d
040 ## - CATALOGING SOURCE
- Original cataloging agency: BD-RjUL
- Transcribing agency: BD-RjUL
150 ## - HEADING--TOPICAL TERM
- Topical term or geographic name entry element: Orchidales
670 ## - SOURCE DATA FOUND
- Source citation: Work cat.: (BD-RjUL)81647: Fardous, Zannatul 8237, In vitro polyploidzation of dendrobium spp, and assessment of genetic diversity of orchids in Rajshahi / By Zannatul, Fardous ;, 2021